[Event "Rhodes Easter Cup"]
[Site "Rhodes"]
[Date "2022.04.22"]
[Round "2"]
[White "Andrijashkin, Deniss"]
[Black "Routsi, Alexandros"]
[Result "1-0"]
[WhiteElo "2076"]
[BlackElo "1775"]
[PlyCount "39"]
[EventDate "2022.04.21"]
[EventType "swiss"]
[EventRounds "9"]
[EventCountry "GRE"]
[SourceTitle "CBM 208 Extra"]
[Source "ChessBase"]
[SourceDate "2022.07.31"]
[SourceVersion "1"]
[SourceVersionDate "2022.07.31"]
[SourceQuality "1"]

1. e4 e5 2. Nc3 Nf6 3. g3 Nc6 4. Bg2 g6 5. Nge2 Bg7 6. 0-0 d6 7. d3 0-0 8. h3 Ne7 9. f4 c6 10. Be3 Qc7 11. Qd2 Rd8 12. Rf2 Ne8 13. Raf1 f6 14. g4 d5 15. fxe5 fxe5 16. Bh6 Bxh6 17. Qxh6 Ng7 18. Rf7 Qb6+ 19. Kh1 Nef5 20. R1xf5 1-0

[Event "Nikaia op 22nd"]
[Site "Nikaia"]
[Date "2014.08.30"]
[Round "6"]
[White "Routsi, Alexandros"]
[Black "Fessas, Prokopios"]
[Result "0-1"]
[WhiteElo "1587"]
[BlackElo "1981"]
[PlyCount "110"]
[EventDate "2014.08.26"]
[EventType "swiss"]
[EventRounds "9"]
[EventCountry "GRE"]
[SourceTitle "CBM 162 Extra"]
[Source "ChessBase"]
[SourceDate "2014.10.17"]
[SourceVersion "1"]
[SourceVersionDate "2014.10.17"]
[SourceQuality "1"]

1. e4 c6 2. d4 d5 3. exd5 cxd5 4. Nf3 Nc6 5. c3 Qc7 6. Bd3 Bg4 7. Be3 e6 8. Nbd2 Nf6 9. Qc2 Be7 10. h3 Bh5 11. 0-0 Bg6 12. Rac1 Bxd3 13. Qxd3 0-0 14. Rfe1 Rab8 15. Ne5 Nxe5 16. dxe5 Nd7 17. Bd4 Bg5 18. Rcd1 Bxd2 19. Qxd2 b5 20. Qe3 a5 21. Rc1 Nb6 22. Bxb6 Rxb6 23. b3 Rc8 24. Re2 Rc6 25. Rec2 Qd8 26. Qd4 Rc5 27. f4 g6 28. g3 Qc7 29. Kf2 Rd8 30. Rd1 Rc8 31. Rdc1 Rc6 32. Ke2 a4 33. h4 h5 34. Kf2 Qa5 35. Kf1 axb3 36. axb3 Qa3 37. Rb1 b4 38. c4 dxc4 39. bxc4 Qxg3 40. Rxb4 Qh3+ 41. Rg2 Qxh4 42. Qe4 Kg7 43. Rb7 R8c7 44. Rxg6+ fxg6 45. Qxc6 Qxf4+ 46. Kg2 Rxb7 47. Qxb7+ Kh6 48. Qd7 h4 49. c5 Qg3+ 50. Kf1 Qf3+ 51. Ke1 h3 52. Qe7 Qg3+ 53. Kf1 h2 54. Qf8+ Kh5 55. Qh8+ Kg4 0-1

[Event "West Attica-ch U12"]
[Site "Athens"]
[Date "2009.09.12"]
[Round "7"]
[White "Yiannis, Maximos"]
[Black "Routsi, Alexandros"]
[Result "1/2-1/2"]
[WhiteElo "1000"]
[BlackElo "1005"]
[PlyCount "58"]
[EventDate "2009.09.08"]
[EventType "swiss"]
[EventRounds "7"]
[EventCountry "GRE"]
[SourceTitle "EXT 2011"]
[Source "ChessBase"]
[SourceDate "2010.11.26"]
[SourceVersion "1"]
[SourceVersionDate "2010.11.26"]
[SourceQuality "1"]

1. d4 Nf6 2. e3 d5 3. Bd3 Nc6 4. c3 Be6 5. h3 a6 6. f4 g6 7. Nf3 Bg7 8. 0-0 h6 9. Ne5 Nxe5 10. fxe5 Ne4 11. Nd2 Ng3 12. Rf3 Nf5 13. Nb3 b6 14. e4 dxe4 15. Bxe4 Nh4 16. Bxa8 Nxf3+ 17. Bxf3 0-0 18. Qf1 a5 19. Nd2 f6 20. exf6 Rxf6 21. Qd3 Bf5 22. Be4 Qd7 23. Bxf5 Rxf5 24. Nf3 Qe6 25. Be3 Bf6 26. Re1 Qxa2 27. Bc1 Kg7 28. Qd2 Qd5 29. Qxh6+ Kf7 1/2-1/2